| 000 | 00345nam a22001457a 4500 | ||
|---|---|---|---|
| 020 | _a9789693520316 | ||
| 040 | _cNUST | ||
| 082 |
_a891.4393 _bQAS |
||
| 100 |
_aQasmi, Ahmad Nadeem _93596 |
||
| 245 | _a Pat Jhar | ||
| 260 |
_aLAHORE _bSang-E-Meel Publications _c2007 |
||
| 300 | _b144P | ||
| 650 | _2Urdu Literature-Poetry | ||
| 942 |
_2ddc _cBK |
||
| 999 |
_c585786 _d585786 |
||